[Event "2nd Sharjah Masters International Chess Championship"]
[Site "Sharjah Culture & Chess Club"]
[Date "2018.04.19"]
[Round "9"]
[Board "12"]
[White "Jones, Gawain C B"]
[Black "Gagare, Shardul"]
[Result "1/2-1/2"]
[WhiteElo "2675"]
[BlackElo "2502"]
[PlyCount "0"]
[EventDate "2018.04.12"]
[EventRounds "9"]
[EventCountry "UAE"]

1. e4 {[%clk 1:30:41]} c5 {[%clk 1:30:34]} 2. Nf3 {[%clk 1:31:01]} Nc6
{[%clk 1:30:52]} 3. Bb5 {[%clk 1:30:53]} e6 {[%clk 1:31:08]} 4. Nc3
{[%clk 1:28:52]} Nd4 {[%clk 1:25:50]} 5. Bd3 {[%clk 1:28:28]} Ne7
{[%clk 1:08:32]} 6. O-O {[%clk 1:27:38]} Nec6 {[%clk 1:08:37]} 7. Nxd4
{[%clk 1:27:33]} cxd4 {[%clk 1:08:25]} 8. Ne2 {[%clk 1:27:39]} d5
{[%clk 1:08:16]} 9. c3 {[%clk 1:21:17]} dxe4 {[%clk 1:00:59]} 10. Bxe4
{[%clk 1:21:43]} d3 {[%clk 1:00:05]} 11. Nf4 {[%clk 1:19:39]} Bd6
{[%clk 0:55:42]} 12. Nxd3 {[%clk 1:19:53]} Bxh2+ {[%clk 0:55:30]} 13. Kxh2
{[%clk 1:20:17]} Qh4+ {[%clk 0:55:54]} 14. Kg1 {[%clk 1:20:44]} Qxe4
{[%clk 0:56:17]} 15. Nc5 {[%clk 1:19:36]} Qd5 {[%clk 0:56:12]} 16. d4
{[%clk 1:18:36]} O-O {[%clk 0:44:05]} 17. Nd3 {[%clk 1:18:55]} e5
{[%clk 0:34:51]} 18. Nxe5 {[%clk 1:18:23]} Nxe5 {[%clk 0:35:13]} 19. dxe5
{[%clk 1:18:24]} Qxe5 {[%clk 0:35:36]} 20. Re1 {[%clk 1:18:40]} Qf5
{[%clk 0:25:49]} 21. Qd6 {[%clk 1:15:53]} Be6 {[%clk 0:24:57]} 22. Be3
{[%clk 1:15:24]} Rfd8 {[%clk 0:22:21]} 23. Qg3 {[%clk 1:15:21]} Qg4
{[%clk 0:13:21]} 24. Qxg4 {[%clk 1:15:19]} Bxg4 {[%clk 0:13:44]} 25. Bd4
{[%clk 1:15:44]} Be6 {[%clk 0:11:18]} 26. f3 {[%clk 1:14:51]} a6 {[%clk 0:11:27]}
27. Kf2 {[%clk 1:14:58]} Re8 {[%clk 0:10:44]} 28. b3 {[%clk 1:12:59]} f6
{[%clk 0:07:16]} 29. Bb6 {[%clk 1:11:04]} Bd7 {[%clk 0:05:16]} 30. Red1
{[%clk 1:09:00]} Bc6 {[%clk 0:05:17]} 31. a4 {[%clk 1:09:09]} Re6
{[%clk 0:05:41]} 32. a5 {[%clk 1:09:34]} Rae8 {[%clk 0:05:10]} 33. Rd2
{[%clk 1:09:23]} h5 {[%clk 0:04:46]} 34. Rh1 {[%clk 1:09:24]} Re5
{[%clk 0:04:02]} 35. c4 {[%clk 1:09:34]} Rf5 {[%clk 0:02:51]} 36. Rh4
{[%clk 1:06:36]} Kf7 {[%clk 0:03:04]} 37. b4 {[%clk 1:06:55]} Rh8
{[%clk 0:01:58]} 38. Rd8 {[%clk 1:04:52]} Rxd8 {[%clk 0:02:10]} 39. Bxd8
{[%clk 1:05:20]} Re5 {[%clk 0:00:33]} 40. Bb6 {[%clk 1:05:35]} g6
{[%clk 0:00:36]} 41. Rh1 {[%clk 1:05:37]} Rf5 {[%clk 0:00:35]} 42. Bc7
{[%clk 1:04:54]} Ke7 {[%clk 0:00:39]} 43. Rh4 {[%clk 1:04:51]} Kd7
{[%clk 0:00:45]} 44. Bh2 {[%clk 1:05:11]} Ke7 {[%clk 0:00:44]} 45. Bb8
{[%clk 1:05:11]} Ke8 {[%clk 0:00:38]} 46. Rh1 {[%clk 1:03:11]} Kf7
{[%clk 0:00:34]} 47. Rh2 {[%clk 1:02:08]} Ke6 {[%clk 0:00:34]} 48. Ke3
{[%clk 1:02:24]} Kd7 {[%clk 0:00:34]} 49. Rh4 {[%clk 1:02:05]} Rg5
{[%clk 0:00:37]} 50. Rh2 {[%clk 1:00:53]} h4 {[%clk 0:00:37]} 51. Kf2
{[%clk 0:59:40]} Rh5 {[%clk 0:00:57]} 52. Rh1 {[%clk 1:00:06]} h3
{[%clk 0:00:50]} 53. g4 {[%clk 0:59:39]} Rh8 {[%clk 0:01:01]} 54. Ba7
{[%clk 0:59:37]} f5 {[%clk 0:01:09]} 55. Bd4 {[%clk 0:59:43]} Rh7
{[%clk 0:01:09]} 56. gxf5 {[%clk 0:56:11]} gxf5 {[%clk 0:01:34]} 57. Bf6
{[%clk 0:56:29]} Ke6 {[%clk 0:01:10]} 58. Bg5 {[%clk 0:56:37]} h2
{[%clk 0:01:29]} 59. Kg3 {[%clk 0:56:36]} Rg7 {[%clk 0:01:16]} 60. Kf4
{[%clk 0:57:01]} Rh7 {[%clk 0:01:33]} 61. Ke4 Ke5+ 1/2-1/2

[Event "2nd Sharjah Masters International Chess Championship"]
[Site "Sharjah Culture & Chess Club"]
[Date "2018.04.19"]
[Round "9"]
[Board "14"]
[White "Kovalev, Vladislav"]
[Black "Darini, Pouria"]
[Result "1-0"]
[WhiteElo "2648"]
[BlackElo "2478"]
[PlyCount "0"]
[EventDate "2018.04.12"]
[EventRounds "9"]
[EventCountry "UAE"]

1. e4 {[%clk 1:30:58]} c5 {[%clk 1:30:44]} 2. Nf3 {[%clk 1:31:23]} d6
{[%clk 1:31:09]} 3. d4 {[%clk 1:31:47]} cxd4 {[%clk 1:31:34]} 4. Nxd4
{[%clk 1:32:13]} Nf6 {[%clk 1:31:57]} 5. Nc3 {[%clk 1:32:39]} Nc6
{[%clk 1:32:24]} 6. Bg5 {[%clk 1:32:02]} e6 {[%clk 1:32:47]} 7. Qd3
{[%clk 1:30:53]} a6 {[%clk 1:32:07]} 8. O-O-O {[%clk 1:29:03]} Bd7
{[%clk 1:31:24]} 9. f4 {[%clk 1:22:31]} h6 {[%clk 1:30:29]} 10. Bh4
{[%clk 1:21:45]} Be7 {[%clk 1:30:44]} 11. Be2 {[%clk 1:19:22]} Rc8
{[%clk 1:18:23]} 12. Kb1 {[%clk 1:17:13]} O-O {[%clk 0:52:43]} 13. Nb3
{[%clk 1:09:06]} d5 {[%clk 0:41:41]} 14. e5 {[%clk 1:01:01]} Ne4 {[%clk 0:41:06]}
15. Bxe7 {[%clk 1:00:27]} Nxc3+ {[%clk 0:40:11]} 16. Qxc3 {[%clk 1:00:55]} Qxe7
{[%clk 0:40:31]} 17. Qe3 {[%clk 1:00:55]} a5 {[%clk 0:24:17]} 18. Qb6
{[%clk 0:52:01]} a4 {[%clk 0:20:47]} 19. Nd4 {[%clk 0:52:21]} a3 {[%clk 0:18:37]}
20. b3 {[%clk 0:52:47]} f6 {[%clk 0:18:06]} 21. Nxc6 {[%clk 0:47:59]} bxc6
{[%clk 0:13:57]} 22. Qe3 {[%clk 0:48:15]} c5 {[%clk 0:13:09]} 23. c4
{[%clk 0:48:19]} d4 {[%clk 0:10:26]} 24. Qg3 {[%clk 0:48:13]} Bc6
{[%clk 0:08:19]} 25. Bd3 {[%clk 0:48:25]} fxe5 {[%clk 0:03:18]} 26. Qg6
{[%clk 0:43:10]} Rxf4 {[%clk 0:01:24]} 27. g3 {[%clk 0:34:22]} Bxh1
{[%clk 0:00:32]} 28. Qh7+ Kf7 29. Bg6+ Kf6 30. gxf4 {[%clk 0:34:19]} Bf3
{[%clk 0:00:33]} 31. fxe5+ {[%clk 0:26:41]} Kxe5 {[%clk 0:00:58]} 32. Re1+
{[%clk 0:27:10]} Kd6 {[%clk 0:00:50]} 33. Bf5 {[%clk 0:27:38]} Kc7
{[%clk 0:00:32]} 34. Qg6 {[%clk 0:23:21]} Rf8 {[%clk 0:00:42]} 35. Qg3+
{[%clk 0:22:37]} Qd6 {[%clk 0:00:32]} 36. Qxg7+ {[%clk 0:22:41]} Kb8
{[%clk 0:00:32]} 37. Rxe6 {[%clk 0:22:50]} 1-0

[Event "2nd Sharjah Masters International Chess Championship"]
[Site "Sharjah Culture & Chess Club"]
[Date "2018.04.19"]
[Round "9"]
[Board "15"]
[White "Dimakiling, Oliver"]
[Black "Petrosian, Tigran L."]
[Result "0-1"]
[WhiteElo "2412"]
[BlackElo "2609"]
[PlyCount "0"]
[EventDate "2018.04.12"]
[EventRounds "9"]
[EventCountry "UAE"]

1. Nf3 {[%clk 1:30:54]} g6 {[%clk 1:30:40]} 2. d4 {[%clk 1:31:01]} Bg7
{[%clk 1:31:02]} 3. e4 {[%clk 1:30:39]} d6 {[%clk 1:28:32]} 4. h3
{[%clk 1:30:43]} Nf6 {[%clk 1:28:58]} 5. Bd3 {[%clk 1:31:00]} O-O
{[%clk 1:29:24]} 6. O-O {[%clk 1:30:11]} c5 {[%clk 1:28:39]} 7. dxc5
{[%clk 1:29:14]} dxc5 {[%clk 1:28:56]} 8. e5 {[%clk 1:29:17]} Nd5
{[%clk 1:27:01]} 9. Be4 {[%clk 1:29:25]} Nb4 {[%clk 1:24:22]} 10. Qe2
{[%clk 1:27:06]} N4c6 {[%clk 1:15:19]} 11. Bf4 {[%clk 1:26:55]} Nd4
{[%clk 1:15:16]} 12. Nxd4 {[%clk 1:26:49]} cxd4 {[%clk 1:15:40]} 13. Rd1
{[%clk 1:25:52]} Nc6 {[%clk 1:09:30]} 14. c3 {[%clk 1:23:55]} Nxe5
{[%clk 1:03:36]} 15. cxd4 {[%clk 1:21:54]} Nc6 {[%clk 1:00:56]} 16. Bxc6
{[%clk 1:22:02]} bxc6 {[%clk 1:01:22]} 17. Be5 {[%clk 1:22:26]} Ba6
{[%clk 1:01:10]} 18. Qc2 {[%clk 1:19:38]} Bxe5 {[%clk 0:46:32]} 19. dxe5
{[%clk 1:18:21]} Qc8 {[%clk 0:37:34]} 20. Nd2 {[%clk 1:18:18]} c5
{[%clk 0:35:34]} 21. Re1 {[%clk 1:09:12]} Rd8 {[%clk 0:33:58]} 22. Rac1
{[%clk 1:08:20]} Rd5 {[%clk 0:32:44]} 23. b3 {[%clk 1:00:29]} Qf5
{[%clk 0:24:58]} 24. Nf3 {[%clk 0:48:25]} Bd3 {[%clk 0:12:00]} 25. Qc3
{[%clk 0:48:07]} Rad8 {[%clk 0:12:16]} 26. Qa5 {[%clk 0:39:36]} Be4
{[%clk 0:10:23]} 27. Rc3 {[%clk 0:27:13]} Rd1 {[%clk 0:08:32]} 28. Rce3
{[%clk 0:27:33]} Bxf3 {[%clk 0:06:37]} 29. Rxf3 {[%clk 0:27:58]} Rxe1+
{[%clk 0:00:40]} 30. Qxe1 {[%clk 0:28:23]} Qc2 {[%clk 0:01:05]} 31. Qa5
{[%clk 0:28:28]} Qd1+ {[%clk 0:00:37]} 32. Kh2 {[%clk 0:28:54]} Qd5
{[%clk 0:01:01]} 33. Re3 {[%clk 0:28:07]} Qd4 {[%clk 0:00:34]} 34. Re2
{[%clk 0:25:03]} h5 {[%clk 0:00:32]} 35. Qc7 {[%clk 0:23:52]} e6 {[%clk 0:00:43]}
36. Qe7 {[%clk 0:23:23]} Rd5 {[%clk 0:00:34]} 37. Qf6 {[%clk 0:23:42]} Qd3
{[%clk 0:00:32]} 38. Re3 {[%clk 0:23:45]} Qf5 {[%clk 0:00:32]} 39. Qxf5
{[%clk 0:24:04]} gxf5 {[%clk 0:00:55]} 40. f4 {[%clk 0:24:26]} Rd2
{[%clk 0:00:46]} 41. Rc3 {[%clk 0:21:02]} h4 {[%clk 0:00:40]} 42. a4
{[%clk 0:19:47]} Rb2 {[%clk 0:01:02]} 43. a5 {[%clk 0:18:35]} a6 {[%clk 0:01:28]}
44. Kg1 {[%clk 0:18:34]} Kh7 {[%clk 0:01:28]} 45. Kf1 {[%clk 0:18:19]} Kg6
{[%clk 0:01:49]} 46. g3 {[%clk 0:17:50]} Kh5 {[%clk 0:01:43]} 47. gxh4
{[%clk 0:17:51]} Kxh4 {[%clk 0:02:02]} 48. Ke1 {[%clk 0:18:12]} Ra2
{[%clk 0:01:40]} 49. Rxc5 {[%clk 0:18:21]} Kg3 {[%clk 0:00:57]} 50. b4
{[%clk 0:17:29]} Kxf4 {[%clk 0:01:20]} 51. h4 {[%clk 0:17:25]} Kg3
{[%clk 0:00:44]} 52. h5 {[%clk 0:17:04]} f4 {[%clk 0:01:08]} 53. Rc8
{[%clk 0:17:29]} f3 {[%clk 0:01:22]} 54. Rg8+ {[%clk 0:17:04]} Kf4
{[%clk 0:01:50]} 55. Rc8 {[%clk 0:17:18]} Kg3 {[%clk 0:02:19]} 56. Rg8+
{[%clk 0:17:43]} Kf4 {[%clk 0:02:44]} 57. Rc8 {[%clk 0:18:10]} Rh2
{[%clk 0:02:11]} 58. b5 {[%clk 0:18:00]} Rxh5 {[%clk 0:02:21]} 59. Kf2
{[%clk 0:13:42]} axb5 {[%clk 0:01:59]} 60. Rc7 {[%clk 0:10:27]} Rh2+
{[%clk 0:02:22]} 61. Kg1 {[%clk 0:10:46]} Rg2+ {[%clk 0:02:37]} 0-1

[Event "2nd Sharjah Masters International Chess Championship"]
[Site "Sharjah Culture & Chess Club"]
[Date "2018.04.19"]
[Round "9"]
[Board "16"]
[White "Narayanan.S.L, "]
[Black "Yakubboev, Nodirbek"]
[Result "1/2-1/2"]
[WhiteElo "2568"]
[BlackElo "2482"]
[PlyCount "0"]
[EventDate "2018.04.12"]
[EventRounds "9"]
[EventCountry "UAE"]

1. Nf3 {[%clk 1:30:55]} b5 {[%clk 1:25:14]} 2. e4 {[%clk 1:31:05]} Bb7
{[%clk 1:25:39]} 3. Bxb5 {[%clk 1:31:09]} Bxe4 {[%clk 1:26:07]} 4. O-O
{[%clk 1:31:28]} Nf6 {[%clk 1:25:20]} 5. d4 {[%clk 1:31:42]} e6 {[%clk 1:24:43]}
6. c4 {[%clk 1:31:38]} Be7 {[%clk 1:23:54]} 7. Nc3 {[%clk 1:29:57]} Bb7
{[%clk 1:19:50]} 8. Bf4 {[%clk 1:17:11]} O-O {[%clk 1:18:52]} 9. d5
{[%clk 1:17:23]} Bb4 {[%clk 1:02:46]} 10. Rc1 {[%clk 1:08:20]} h6
{[%clk 0:54:17]} 11. Ne5 {[%clk 0:52:42]} d6 {[%clk 0:43:43]} 12. Nc6
{[%clk 0:51:39]} Nxc6 {[%clk 0:43:37]} 13. dxc6 {[%clk 0:52:01]} Bc8
{[%clk 0:43:48]} 14. Be3 {[%clk 0:50:22]} a6 {[%clk 0:34:38]} 15. Ba4
{[%clk 0:50:27]} Bxc3 {[%clk 0:31:52]} 16. Rxc3 {[%clk 0:50:21]} e5
{[%clk 0:31:41]} 17. h3 {[%clk 0:44:38]} d5 {[%clk 0:25:27]} 18. cxd5
{[%clk 0:33:36]} Nxd5 {[%clk 0:25:14]} 19. Rd3 {[%clk 0:34:00]} Nxe3
{[%clk 0:25:23]} 20. Rxe3 {[%clk 0:34:25]} Rb8 {[%clk 0:18:06]} 21. Qe2
{[%clk 0:32:49]} f6 {[%clk 0:11:25]} 22. Rd1 {[%clk 0:27:56]} Qe7
{[%clk 0:11:50]} 23. Bb3+ {[%clk 0:19:08]} Kh8 {[%clk 0:11:56]} 24. Bd5
{[%clk 0:15:34]} Rb6 {[%clk 0:09:32]} 25. b3 {[%clk 0:11:49]} Be6
{[%clk 0:08:47]} 26. Qc4 {[%clk 0:12:16]} Bf5 {[%clk 0:05:42]} 27. Re2
{[%clk 0:10:56]} a5 {[%clk 0:05:35]} 28. Qc3 {[%clk 0:09:57]} Rb5
{[%clk 0:04:35]} 29. Qf3 {[%clk 0:09:54]} Bc8 {[%clk 0:04:35]} 30. Red2
{[%clk 0:08:49]} f5 {[%clk 0:04:05]} 31. Qe3 {[%clk 0:09:13]} Qf6
{[%clk 0:03:39]} 32. Qa7 {[%clk 0:09:15]} Qe7 {[%clk 0:03:39]} 33. a4
{[%clk 0:09:36]} Rc5 {[%clk 0:03:52]} 34. f3 {[%clk 0:07:51]} Kh7
{[%clk 0:03:34]} 35. Kh1 {[%clk 0:07:31]} h5 {[%clk 0:03:33]} 1/2-1/2

[Event "2nd Sharjah Masters International Chess Championship"]
[Site "Sharjah Culture & Chess Club"]
[Date "2018.04.19"]
[Round "9"]
[Board "18"]
[White "Vignesh, N R"]
[Black "Puranik, Abhimanyu"]
[Result "1/2-1/2"]
[WhiteElo "2475"]
[BlackElo "2520"]
[PlyCount "0"]
[EventDate "2018.04.12"]
[EventRounds "9"]
[EventCountry "UAE"]

1. d4 {[%clk 1:29:46]} Nf6 {[%clk 1:30:46]} 2. c4 {[%clk 1:30:09]} g6
{[%clk 1:31:13]} 3. Nf3 {[%clk 1:30:30]} Bg7 {[%clk 1:31:40]} 4. g3
{[%clk 1:30:54]} d5 {[%clk 1:32:02]} 5. cxd5 {[%clk 1:31:04]} Nxd5
{[%clk 1:32:28]} 6. Bg2 {[%clk 1:31:30]} Nb6 {[%clk 1:32:53]} 7. O-O
{[%clk 1:31:53]} Nc6 {[%clk 1:33:18]} 8. e3 {[%clk 1:32:06]} O-O {[%clk 1:33:42]}
9. Nc3 {[%clk 1:32:29]} Re8 {[%clk 1:34:08]} 10. d5 {[%clk 1:25:20]} Na5
{[%clk 1:34:17]} 11. Nd4 {[%clk 1:25:34]} Bd7 {[%clk 1:34:00]} 12. b3
{[%clk 1:19:14]} c6 {[%clk 1:30:32]} 13. dxc6 {[%clk 1:14:38]} Nxc6
{[%clk 1:30:27]} 14. Nxc6 {[%clk 1:12:10]} Bxc6 {[%clk 1:30:35]} 15. Bxc6
{[%clk 1:10:10]} Qxd1 {[%clk 1:30:58]} 16. Rxd1 {[%clk 1:09:50]} bxc6
{[%clk 1:31:22]} 17. Bb2 {[%clk 1:09:11]} a5 {[%clk 1:31:17]} 18. Rac1
{[%clk 0:59:32]} a4 {[%clk 1:30:34]} 19. Nxa4 {[%clk 0:57:24]} Nxa4
{[%clk 1:30:43]} 20. Bxg7 {[%clk 0:57:47]} Kxg7 {[%clk 1:31:10]} 21. bxa4
{[%clk 0:58:11]} Rxa4 {[%clk 1:31:37]} 22. Rxc6 {[%clk 0:58:14]} Rxa2
{[%clk 1:32:03]} 23. Rc7 {[%clk 0:58:40]} f6 {[%clk 1:32:08]} 24. h4
{[%clk 0:58:47]} h5 {[%clk 1:32:28]} 25. Kg2 {[%clk 0:58:05]} Kf7
{[%clk 1:32:49]} 26. Rdd7 {[%clk 0:58:29]} Rb2 {[%clk 1:32:09]} 27. Kf3
{[%clk 0:58:48]} Ra2 {[%clk 1:31:17]} 28. Rb7 {[%clk 0:59:15]} Ra6
{[%clk 1:30:16]} 29. Rdc7 {[%clk 0:59:21]} Re6 {[%clk 1:30:25]} 30. Ra7
{[%clk 0:59:31]} Rb8 {[%clk 1:30:40]} 31. Rcb7 {[%clk 0:59:55]} Rxb7
{[%clk 1:31:04]} 32. Rxb7 {[%clk 1:00:21]} Ra6 {[%clk 1:31:27]} 33. Ke4 1/2-1/2

[Event "2nd Sharjah Masters International Chess Championship"]
[Site "Sharjah Culture & Chess Club"]
[Date "2018.04.19"]
[Round "9"]
[Board "19"]
[White "Vishnu, Prasanna. V"]
[Black "Arjun, Kalyan"]
[Result "1-0"]
[WhiteElo "2510"]
[BlackElo "2397"]
[PlyCount "0"]
[EventDate "2018.04.12"]
[EventRounds "9"]
[EventCountry "UAE"]

1. c4 {[%clk 1:30:55]} Nf6 {[%clk 1:30:34]} 2. g3 {[%clk 1:31:20]} g6
{[%clk 1:30:40]} 3. Bg2 {[%clk 1:31:45]} Bg7 {[%clk 1:31:03]} 4. Nc3
{[%clk 1:32:10]} O-O {[%clk 1:31:06]} 5. e4 {[%clk 1:31:34]} d6 {[%clk 1:31:05]}
6. Nge2 {[%clk 1:31:58]} e5 {[%clk 1:29:13]} 7. O-O {[%clk 1:32:14]} Nbd7
{[%clk 1:28:13]} 8. d3 {[%clk 1:32:31]} c6 {[%clk 1:23:09]} 9. h3
{[%clk 1:32:19]} a6 {[%clk 1:21:19]} 10. a4 {[%clk 1:26:38]} a5 {[%clk 1:17:15]}
11. Be3 {[%clk 1:26:38]} Nc5 {[%clk 1:16:56]} 12. f4 {[%clk 1:26:43]} Qe7
{[%clk 1:12:24]} 13. Qc2 {[%clk 1:17:10]} Bd7 {[%clk 1:00:16]} 14. Rae1
{[%clk 1:10:21]} Rfe8 {[%clk 0:54:25]} 15. Rf2 {[%clk 1:05:43]} h6
{[%clk 0:50:34]} 16. Ref1 {[%clk 0:56:56]} Kh7 {[%clk 0:47:05]} 17. Kh2
{[%clk 0:43:20]} Ne6 {[%clk 0:42:05]} 18. f5 {[%clk 0:36:48]} Nc5
{[%clk 0:41:09]} 19. g4 {[%clk 0:36:47]} g5 {[%clk 0:38:52]} 20. Bf3
{[%clk 0:37:00]} Rh8 {[%clk 0:36:50]} 21. Kg1 {[%clk 0:36:45]} Rhc8
{[%clk 0:33:03]} 22. Rh2 {[%clk 0:36:52]} Kg8 {[%clk 0:33:08]} 23. h4
{[%clk 0:34:50]} Nh7 {[%clk 0:32:33]} 24. Ng3 {[%clk 0:35:15]} gxh4
{[%clk 0:29:13]} 25. Nh5 {[%clk 0:35:22]} Ng5 {[%clk 0:28:00]} 26. Bd1
{[%clk 0:31:11]} f6 {[%clk 0:28:19]} 27. Rxh4 {[%clk 0:31:20]} Bf8
{[%clk 0:26:12]} 28. Kg2 {[%clk 0:28:17]} Be8 {[%clk 0:26:35]} 29. Rfh1
{[%clk 0:27:24]} Na6 {[%clk 0:23:49]} 30. Qd2 {[%clk 0:24:14]} Nb4
{[%clk 0:23:57]} 31. Ng3 {[%clk 0:23:41]} Qg7 {[%clk 0:16:56]} 32. Bb3
{[%clk 0:21:10]} Rd8 {[%clk 0:15:45]} 33. d4 {[%clk 0:16:35]} exd4
{[%clk 0:13:47]} 34. Bxd4 {[%clk 0:15:52]} c5 {[%clk 0:14:08]} 35. Be3
{[%clk 0:15:22]} Bc6 {[%clk 0:12:35]} 36. Nd5 {[%clk 0:13:27]} Nxd5
{[%clk 0:13:00]} 37. cxd5 {[%clk 0:13:12]} Be8 {[%clk 0:13:24]} 38. Bc2
{[%clk 0:08:13]} b5 {[%clk 0:12:44]} 39. axb5 {[%clk 0:08:30]} Rdb8
{[%clk 0:12:05]} 40. Qc3 {[%clk 0:08:42]} Rxb5 {[%clk 0:03:38]} 41. Rxh6
{[%clk 0:08:51]} Qxh6 {[%clk 0:02:04]} 42. Rxh6 {[%clk 0:09:15]} Bxh6
{[%clk 0:02:32]} 43. Qxf6 {[%clk 0:09:32]} Bg7 {[%clk 0:02:40]} 44. Qxg5
{[%clk 0:09:56]} Rxb2 {[%clk 0:03:07]} 45. f6 {[%clk 0:10:22]} Rxc2+
{[%clk 0:03:34]} 46. Kh3 {[%clk 0:10:40]} Ra7 {[%clk 0:03:58]} 47. Nf5
{[%clk 0:11:07]} 1-0

[Event "2nd Sharjah Masters International Chess Championship"]
[Site "Sharjah Culture & Chess Club"]
[Date "2018.04.19"]
[Round "9"]
[Board "20"]
[White "Haddouche, Mohamed"]
[Black "Zhu, Yilun"]
[Result "1/2-1/2"]
[WhiteElo "2506"]
[BlackElo "2195"]
[PlyCount "0"]
[EventDate "2018.04.12"]
[EventRounds "9"]
[EventCountry "UAE"]

1. e4 {[%clk 1:30:53]} c5 {[%clk 1:30:50]} 2. Nf3 {[%clk 1:31:07]} d6
{[%clk 1:31:16]} 3. c3 {[%clk 1:29:35]} Nf6 {[%clk 1:31:40]} 4. Bd3
{[%clk 1:30:01]} Nc6 {[%clk 1:29:39]} 5. h3 {[%clk 1:29:22]} d5 {[%clk 1:29:02]}
6. e5 {[%clk 1:29:37]} Nd7 {[%clk 1:29:26]} 7. Bb5 {[%clk 1:30:02]} e6
{[%clk 1:22:11]} 8. O-O {[%clk 1:28:52]} Qb6 {[%clk 1:22:02]} 9. Ba4
{[%clk 1:28:34]} c4 {[%clk 1:21:22]} 10. d4 {[%clk 1:24:47]} cxd3
{[%clk 1:21:47]} 11. b4 {[%clk 1:23:57]} a5 {[%clk 1:18:48]} 12. a3
{[%clk 1:14:19]} Qc7 {[%clk 1:17:22]} 13. Bf4 {[%clk 1:13:34]} axb4
{[%clk 1:17:15]} 14. cxb4 {[%clk 1:13:36]} b5 {[%clk 1:10:13]} 15. Bxb5
{[%clk 1:10:03]} Nxb4 {[%clk 1:10:03]} 16. Qd2 {[%clk 0:59:51]} Qc2
{[%clk 1:00:15]} 17. Nd4 {[%clk 0:28:49]} Qxd2 {[%clk 0:59:45]} 18. Nxd2
{[%clk 0:29:13]} Nc2 {[%clk 0:59:53]} 19. Nxc2 {[%clk 0:29:37]} dxc2
{[%clk 1:00:20]} 20. a4 {[%clk 0:29:11]} Ba6 {[%clk 0:50:49]} 21. Nb3
{[%clk 0:29:37]} Bb4 {[%clk 0:51:01]} 22. Rac1 {[%clk 0:26:59]} Bxb5
{[%clk 0:50:46]} 23. axb5 {[%clk 0:27:28]} Rc8 {[%clk 0:42:43]} 24. Nd4
{[%clk 0:27:17]} Rc4 {[%clk 0:42:45]} 25. Be3 {[%clk 0:16:51]} Nxe5
{[%clk 0:33:19]} 26. Nxc2 {[%clk 0:15:40]} Bd6 {[%clk 0:30:18]} 27. Nd4
{[%clk 0:14:56]} Kd7 {[%clk 0:29:56]} 28. Ra1 {[%clk 0:14:35]} Rc7
{[%clk 0:29:58]} 29. Rfb1 {[%clk 0:11:12]} Nc4 {[%clk 0:19:49]} 30. Nc6
{[%clk 0:11:15]} Nxe3 {[%clk 0:20:16]} 31. fxe3 {[%clk 0:11:43]} Rb7
{[%clk 0:19:32]} 32. Kf2 {[%clk 0:11:48]} Rc8 {[%clk 0:17:57]} 33. Ke2
{[%clk 0:12:07]} f6 {[%clk 0:16:54]} 34. Kd3 {[%clk 0:12:30]} h5 {[%clk 0:17:05]}
35. e4 {[%clk 0:09:32]} dxe4+ {[%clk 0:17:20]} 36. Kxe4 {[%clk 0:10:01]} g5
{[%clk 0:14:58]} 37. Ra2 {[%clk 0:10:25]} h4 {[%clk 0:11:24]} 38. Kd4
{[%clk 0:07:43]} Ke8 {[%clk 0:11:05]} 39. Ra6 {[%clk 0:07:13]} Kd7
{[%clk 0:10:43]} 40. Kc4 {[%clk 0:07:27]} Kc7 {[%clk 0:09:16]} 41. Rd1
{[%clk 0:07:19]} Bf8 {[%clk 0:08:47]} 42. Rd3 {[%clk 0:02:39]} Rb6
{[%clk 0:07:57]} 43. Ra7+ {[%clk 0:02:41]} Rb7 {[%clk 0:08:25]} 44. Ra2
{[%clk 0:03:04]} Rb6 45. Rc3 {[%clk 0:01:11]} Bd6 {[%clk 0:07:42]} 46. Rd3
{[%clk 0:01:06]} Rxc6+ {[%clk 0:07:04]} 47. bxc6 {[%clk 0:01:32]} Kxc6
{[%clk 0:07:32]} 48. Kd4 {[%clk 0:01:12]} Kd7 {[%clk 0:06:29]} 49. Ra7+
{[%clk 0:01:23]} Rc7 {[%clk 0:06:42]} 50. Rxc7+ {[%clk 0:01:49]} Kxc7
{[%clk 0:07:08]} 51. Rd2 {[%clk 0:01:50]} Bf4 {[%clk 0:07:02]} 52. Ra2
{[%clk 0:02:15]} Kd6 {[%clk 0:07:29]} 53. Ra6+ {[%clk 0:02:38]} Ke7
{[%clk 0:07:56]} 54. Kc5 {[%clk 0:03:03]} Be3+ {[%clk 0:08:20]} 55. Kc6
{[%clk 0:03:31]} f5 {[%clk 0:08:39]} 56. Ra3 {[%clk 0:03:45]} Bf2
{[%clk 0:08:46]} 57. Ra4 {[%clk 0:03:17]} Be3 {[%clk 0:08:35]} 58. Rb4
{[%clk 0:03:42]} Bf2 {[%clk 0:08:36]} 59. Rb2 {[%clk 0:03:13]} Be3
{[%clk 0:08:56]} 60. Re2 {[%clk 0:02:06]} Bg1 {[%clk 0:09:08]} 61. Re1
{[%clk 0:02:12]} Bf2 {[%clk 0:09:35]} 62. Rf1 {[%clk 0:02:40]} Be3
{[%clk 0:09:58]} 63. Rb1 {[%clk 0:02:51]} Bf2 {[%clk 0:09:50]} 64. Rb4
{[%clk 0:03:05]} Be3 {[%clk 0:10:07]} 65. Rc4 {[%clk 0:02:47]} Bf2
{[%clk 0:10:31]} 66. Ra4 {[%clk 0:03:11]} Be3 {[%clk 0:10:48]} 67. Rb4
{[%clk 0:02:47]} Bf2 {[%clk 0:10:49]} 68. Ra4 {[%clk 0:03:03]} 1/2-1/2